000 00448nam a2200181Ia 4500
001 8601
005 20260306160621.0
008 260306t2014||||xx |||||||||||||| ||spa||
041 _aESP
082 _a371.2
_bC78G
100 _aCortés Soriano, Javier
_eAUT
245 0 _aGestionar para educar:
_bla función directiva en la escuela católica
260 _c2014
300 _a
_c
650 _aGEN
654 _aCED
942 _cLIB
_dJUS
_fJUS
_2ddc
_n
999 _c8601
_d8601